| 000 | 01089nam a22003137a 4500 | ||
|---|---|---|---|
| 005 | 20110802160425.0 | ||
| 008 | 110802t xxu||||| |||| 00| 0 eng d | ||
| 010 | _aENG-103198 | ||
| 020 |
_a9780071332668 _c595.00 |
||
| 020 |
_a0071332669 _c595.00 |
||
| 035 | _aEN-86731 | ||
| 037 | _bDBAD / PUB | ||
| 040 |
_adpl _bEnglish |
||
| 082 | _a370.15 | ||
| 100 |
_929868 _aSantrock, John W. |
||
| 245 |
_aEducational psychology / _cby John W. Santrock |
||
| 250 | _a4th ed | ||
| 260 |
_aNew Delhi _bTata McGraw Hill _c2011 |
||
| 270 |
_a7, West Patel Nagar _bNew Delhi _e110008 |
||
| 300 |
_avarious pagings : _c28cm (pbk) _bill. |
||
| 500 | _aIncludes bibliographical references and index | ||
| 650 |
_929869 _aEducational psychology. |
||
| 650 |
_aLearning, Psychology of. _930904 |
||
| 650 |
_aMotivation in education. _930905 |
||
| 651 | _91549 | ||
| 700 | _929871 | ||
| 942 |
_2ddc _cEN _mSAN _h370.15 |
||
| 999 |
_c54721 _d54721 |
||